Best divisions four knowledge of the regions tr of Ahsan al-Taqasim fi Ma' rifat al-Aqalim tr by Basil Anthony Collins rev by Muhammad Hamid Altai (Record no. 212031)

MARC details
000 -LEADER
fixed length control field 00738nam a2200241Ia 4500
003 - CONTROL NUMBER IDENTIFIER
control field OSt
005 - DATE AND TIME OF LATEST TRANSACTION
control field 20220918200331.0
008 - FIXED-LENGTH DATA ELEMENTS--GENERAL INFORMATION
fixed length control field 220917b |||||||| |||| 00| 0 eng d
037 ## - SOURCE OF ACQUISITION
Terms of availability Textual
040 ## - CATALOGING SOURCE
Original cataloging agency ARTS
Transcribing agency ARTS
Language of cataloging eng
041 ## - LANGUAGE CODE
Source of code eng
Language code of text/sound track or separate title eng
100 ## - MAIN ENTRY--PERSONAL NAME
Personal name Al-Muqaddasi
9 (RLIN) 93600
245 #0 - TITLE STATEMENT
Title Best divisions four knowledge of the regions tr of Ahsan al-Taqasim fi Ma' rifat al-Aqalim tr by Basil Anthony Collins rev by Muhammad Hamid Altai
260 ## - PUBLICATION, DISTRIBUTION, ETC.
Place of publication, distribution, etc. U
Name of publisher, distributor, etc. K Carnet Pub
Date of publication, distribution, etc. 1994
300 ## - PHYSICAL DESCRIPTION
Extent xxviii,460p.
Dimensions cm.
650 ## - SUBJECT ADDED ENTRY--TOPICAL TERM
Topical term or geographic name entry element GEOGRAPHY
942 ## - ADDED ENTRY ELEMENTS (KOHA)
Classification part U2xD945,1, N4
Koha item type Textual
Source of classification or shelving scheme Colon Classification (CC)
Holdings
Withdrawn status Lost status Damaged status Not for loan Home library Current library Date acquired Total Checkouts Full call number Barcode Date last seen Price effective from Koha item type
        Arts Library Arts Library 2022-09-18   U2xD945,1 N4 AL0567099 2022-09-18 2022-09-18 Textual
Copyright @ Delhi University Library System